000 00707nam a22001937a 4500
005 20180517102413.0
010 _aENG-123041
020 _a9788175416994
_c250.00
035 _aEN-106573
037 _bDBAD/PUB
082 _a488.00710954
100 _aSharma, Parveen
245 _aPedagogy of english language:
_cby Parveen Sharma
_b(revised syllabus of MD university and universities in India) /
260 _aDelhi
_bShipra Publications
_c2018
270 _aH.O. LG 18-19, Pankaj Central Market, Patparganj, I.P. Extn.
_bDelhi
_e110092
300 _axi, 338p
_c21cm(pbk)
500 _aIt include Glossary, Bibliography and Revision questions
942 _2ddc
_cEN
_h488.00710954
_mSHA
999 _c152109
_d152109